| 000 | 00445nam a22001697a 4500 | ||
|---|---|---|---|
| 003 | NUST - PNEC | ||
| 005 | 20170116181003.0 | ||
| 008 | 150912b xxu||||| |||| 00| 0 eng d | ||
| 020 | _a0070118086 | ||
| 040 | _cLIBRARY | ||
| 082 | _a621.38411 COL | ||
| 100 |
_99608 _aCollin, Robert E. |
||
| 245 |
_aAntennas and radiowave propagation _cRobert E. Collin |
||
| 260 | _cc.1985 | ||
| 650 |
_99606 _aRadio wave propagation _xEE |
||
| 942 |
_2ddc _cBK |
||
| 999 |
_c66767 _d66767 |
||